| 000 | 02147nam a2200289 a 4500 | ||
|---|---|---|---|
| 001 | ASIN0415488958 | ||
| 005 | 20170105102930.0 | ||
| 008 | 140115s2009 xxu eng d | ||
| 020 |
_a0415488958 (hardcover) _c$140.00 |
||
| 020 | _a9780415488952 (hardcover) | ||
| 040 | _a0 | ||
| 050 | 0 | 4 | _aD1056.2.M87 |
| 082 | 0 | 4 |
_a322.1088297 _bMUS 2010 |
| 245 | 1 | 0 |
_aMuslims and the state in the post-9/11 west / _cErik Bleich. |
| 260 |
_a[S.l.] : _bRoutledge, _c2009. |
||
| 300 |
_a176 p. ; _c24 cm. |
||
| 520 | _aFrom the terrorist attacks of 9/11 to the assassination of Dutch filmmaker Theo van Gogh to the London transportation bombings, dramatic events of recent years have generated security concerns about Muslim communities in the West. These have added an additional layer to the tensions surrounding Muslim immigrant integration and have generated heated discussions about how governments should address such challenges. This collection assembles leading scholars to address four central themes related to the interactions between Muslims and states in contemporary Europe and North America. Its authors investigate the timing of Muslims’ emergence as a perceived security risk; they review the variety of actions undertaken in response to the new concerns; they assess the effectiveness of different kinds of policies in managing the security and social challenges that governmental actors observe; and they identify relevant Muslim sub-groups and their highly divergent views on recent developments. This book thus serves as a foundation for understanding an issue of critical importance and as a touchstone for advancing public, policy, and scholarly debate about Muslim-state interactions. This book was originally published as a special issue of the Journal of Ethnic and Migration Studies . | ||
| 650 | 0 | _aEurope, Western | |
| 650 | 0 | _aIslam and state | |
| 650 | 0 | _aMuslims | |
| 650 | 0 | _aNational security | |
| 650 | 0 | _aUnited States | |
| 650 | 0 | _aWar on Terrorism (2001-2009) | |
| 700 | 1 | _aBleich, Erik. | |
| 856 | 4 | 0 |
_3Amazon.com _uhttp://www.amazon.com/exec/obidos/ASIN/0415488958/chopaconline-20 |
| 942 |
_2ddc _cBK |
||
| 999 |
_c16015 _d16015 |
||